000 00752nam a22002537a 4500
001 125893
003 UA-OsUOA
005 20201221185217.0
007 ta
008 20171002b un ||||| |||| 00| 0 ukr d
020 _a978-966-511-314-3
040 _aUA-OsUOA
_bukr
_cUA-OsUOA
_dUA-OsUOA
041 _aukr
080 _a821.161.2-1
090 _a821.161.2-1
_bМ59
100 _aМиколаєнко М. А.
245 _aСад кохання
_bінтимна лірика
_nкн. 1
260 _aДніпропетровськ
_bСіч
_c2007
300 _a136 с.
650 7 _a82 Література. Літературознавство
_2UDC
942 _cBK
_2udc
955 _a3
999 _c413115
_d413115